Životný pocit - prenosný

Bibliographic Details
Main Author: Ruttkayová, Ivica, 1963- (Author)
Format: Article
Language:Slovak
Subjects:

MARC

LEADER 00000nab a2200000 ar4500
001 vtls008412587
003 SK-MaSNL
005 20260303070206.0
008 160314c2005 xo mr|p|||||||000 b|slo
015 |a SNBRB2005/11  |2 snkbucl 
038 |a SNKBUCL 
040 |a SNKBUCL  |b slo  |c SNKBUCL  |e AACR2 
041 0 |a slo 
044 |a xo  |c SK 
080 |a 82.09:821.162.4-32  |x (048)  |2 UDC-MRF-SK2 
080 |a 821.162.4-32  |x (048)  |2 UDC-MRF-SK2 
100 1 |a Ruttkayová, Ivica,  |d 1963-  |4 aut  |9 192963 
245 1 0 |a Životný pocit - prenosný  |c Ivica Ruttkayová 
650 0 7 |a spoločenské prózy, slovenské  |x recenzie  |2 snkbucl  |9 856701 
773 0 |t Knižná revue  |g Roč. XV, č. 18 (2005), s. 5  |x 1210-1982 
787 0 8 |i Rec.:  |a Šebesta, Juraj, 1964-  |t Triezvenie  |d Bratislava : Juga, 2005  |z 8089030238 
852 |a SNK  |b KIS3GCP 
958 |a RC 
958 |a LX 
999 |c 1754325  |d 1756255